000 00945nam a2200253 c 4500
003 BLK
005 20190913121213.0
008 180911b bul|||||r ||||||| ||bul||
010 _a002570
040 _aBLK
041 _aBUL
080 _z741.9(497.2)377.5:7(497.2)
100 1 _a
_eпърви автор
245 1 0 _aТРЕТИ илюстрован годишник на Държавното рисувално училище за учебната 1906/1907 година
246 _bТРЕТИ илюстрован годишник
260 _aСофия
_bПридворна печ.
_c1908
300 _a23 с., 32 л
_bил.
_c28 см
380 _a0
490 _aЧастна колекция - Академик Михаил Арнаудов
_gДарение - Основен фонд
650 _aУчилищно дело
655 _aбългарско образование
852 _aМА 4677
942 _cKNG
_n0
944 _aCR
_c1994
999 _c342909
_d342909